000 01132nam a22002535i 4500
001 162521
003 ES-MaACL
005 20251220063022.0
008 990316s1862 sp |||| | spa d
040 _aCCPB | B
_bspa
_cCCPB | B
100 1 _aPrado, Casiano de,
_d1797-1866
_993606
245 1 0 _aReseñas geológicas de la provincia de Avila y de la parte occidental de la de León /
_cpor Casiano de Prado.
260 _aMadrid :
_b[s.n.],
_c1862 (
_fImprenta Nacional)
300 _a14 p. ;
_c31 cm.
530 _aDisponible también en sitio web.
594 _aPrecede al tit.: Junta General de Estadistica.
597 _aPort. con esc. real.
650 4 _aGeología-
_zÁvila (Provincia)
_9149074
650 4 _aGeología-
_zLeón (Provincia)
_9149075
852 _aES-MaACL
_jT-202-F-1
_z-- Enc. hol.
_q-- Falto de la cub. original
_z-- Enc. en un vol. facticio
852 _aES-MaACL
_jC-1408(1)
_z.- Legado de Federico de Botella y Hornos
856 _uhttp://bibliotecadigitalhispanica.bne.es:80/webclient/DeliveryManager?pid=1679903&custom_att_2=simple_viewer
_zIr a la página
999 _c162521
_d162521